000 00764nam a22003010a 4500
001 PT57448
003 AR-LpoUNG
005 20210131231814.0
008 191001s2007||||ag |||||||||||||||||spa d
020 _a9789505639144
_c$20
040 _aAR-LpoUNG
_bspa
_cAR-LpoUNG
_eaacr
041 _aspa
044 _aag
082 0 _aA864 365gau
100 1 _aGerchunoff, Alberto
245 1 4 _aLos gauchos judíos
250 _a1ra. ed.
260 _aBuenos Aires :
_bBiblioteca Nacional,
_c2007.
300 _a297 p. :
_bil.
650 4 _aARGENTINA
650 4 _aENSAYO
650 4 _aLITERATURA
651 4 _aDOCUMENTOS TEORICOS O METODOLOGICOS
653 _aLITERATURA ARGENTINA
700 1 _aSneh, Perla
_eprelim.
905 _a57448
942 _cLIB
999 _c12053
_d12053